000 01346nas a2200373 a 4500
001 11153717
003 OSt
005 20110502125816.0
008 780725d15581935enkuu w a eng d
010 _a 61019738
035 _a(OCoLC)ocm04083430
040 _aCLavC
_cCLavC
_dNIC
_dDLC
042 _alc
043 _ae-uk---
050 0 0 _aKD288
_b.A6
082 0 0 _a348.041 ALL
100 _aBidgman, G.F.L
_92260
245 0 4 _aThe all England law reports reprint 1908-1910 /
260 _aLondon :
_bButterworth,
_c1962.
300 _av. ;
_c24 cm.
362 0 _a1558/1774-1935.
500 _aUpdated irregularly by extension vols.
500 _aSome vols. published out of sequence.
520 _aVols. for 1558-1834 selected from early authorised reports; v. for 1835-1935 selected from the Law times reports.
555 _a1558-1834. 1 v.; Extension vol. 1861-1935. 1 v.; Extension vol. 1904-1935. 1 v.
590 _aSERBIB/SERLOC merged record
650 0 _aLaw reports, digests, etc.
_zGreat Britain.
_92273
740 0 2 _aLaw times reports.
785 0 0 _tAll England law reports annotated
_w(DLC) 98660763
906 _a7
_bcbc
_cserials
_du
_encip
_f19
_gn-oclcserc
942 _2ddc
_cBK
999 _c837
_d837